| 000 | 00764nam a22002417a 4500 | ||
|---|---|---|---|
| 005 | 20170124110107.0 | ||
| 010 | _a600470 | ||
| 020 | _c00.00 | ||
| 035 | _a600470 | ||
| 037 | _bCen Lib/Ret | ||
| 040 |
_aDPL _bEN |
||
| 082 |
_a921 _bMIR |
||
| 100 |
_aMirashi, Vasudev Vishnu _928360 |
||
| 245 |
_aKalidasa : _cby Vasudev Vishnu Mirashi [and] Narayan Raghunath Navlekar _bdate life and works / |
||
| 260 |
_aBombay _bPopular Prakashan _c1969 |
||
| 270 |
_a35,Tardeo Road _bBombay |
||
| 300 |
_aviii,473p. _c21cm(Hb) |
||
| 500 | _aIncludes bibliographical reference and index | ||
| 650 |
_aSanskrit literature _928361 |
||
| 650 |
_aIndic literature _928362 |
||
| 700 |
_928179 _a Navlekar, Narayan Raghunath |
||
| 942 |
_2ddc _cEN _h921 _mMIR |
||
| 999 |
_c130127 _d130127 |
||